000 00972cab a22002175a 4500
001 L156781
008 120716e2012 xxk 000 0 eng d
035 _a(Sirsi) u156781
041 0 _aeng
110 2 _aEuroProperty
_91216
245 0 0 _aSurvey
_bBenelux countries
260 _c2012
490 0 _aEuroProperty
_v9 July 2012, 17-21(5)
520 _aMost investors currently targeting Belgium are concentrating on retail assets. Euros 548m was spent on Belgian real estate in Q1 2012 with 53% of the total investment volume within the retail sector. Luxembourg's small property market focuses mainly on the office sector with Q1 2012 take-up decreasing slightly and vacancy rates dropping to 5.9%. Although the number of office deals has risen in the Netherlands market, the recession-driven crisis is not yet over.
590 _aKA
651 4 _aBelgium
651 4 _aNetherlands
651 4 _aLuxembourg
690 _aCommercial property
_96227
942 _n0
999 _c84155
_d84155